Stemmi Squadre di calcio dal dettaglio - Inghilterra - Quiz n°2 - Statistics

Statistiche generali
  • Questo quiz è stato fatto 13 volte
  • Il punteggio medio è 7 su 10
Statistiche sulle risposte
con Immagini Risposta % Corretto
Aston Villa
100%
Crystal Palace
100%
Liverpool
100%
Manchester United
82%
Sunderland
73%
Wimbledon
64%
Manchester City
55%
Portsmouth
55%
Luton Town
45%
Swansea City
18%
Nessun quiz corrispondente trovato
Distribuzione punteggi
Percentuale di utenti per punteggio
Percentile per numero di risposta
I tuoi punteggi nel tempo
Non hai fatto questo quiz